000 00552nam a2200181 i 4500
001 25566
003 ES-MaACL
005 20230906153307.0
007 t|
008 021227s1900 sp ||||1| spa d
100 1 _aArmiñán, Luis de,
_d1871-1949
_9155857
245 1 3 _aEl panamericanismo
_b: ¿qué es?, ¿qué se propone?, ¿cómo contrarrestarlo? /
_cLuis de Armiñan.
260 _aMadrid :
_b[s.n.],
_c1900.
300 _a54 p. ;
_c20 cm.
650 0 4 _aPanamericanismo.
_915812
852 _aES-MaACL
_jT-979-F-3
999 _c25566
_d25566